Goddess Durga : (Record no. 39972)

MARC details
000 -LEADER
fixed length control field 00825nam a22002417a 4500
005 - DATE AND TIME OF LATEST TRANSACTION
control field 20100807100718.0
010 ## - LCCN (DPL NO)
LC control number ENG-98742
020 ## - INTERNATIONAL STANDARD BOOK NUMBER
International Standard Book Number 8185026939
Terms of availability 2500.00
020 ## - INTERNATIONAL STANDARD BOOK NUMBER
International Standard Book Number 9788185026930
Terms of availability 2500.00
035 ## - SYSTEM CONTROL NUMBER
System control number EN-82274
037 ## - SOURCE OF ACQUISITION
Source of stock number/acquisition DBAD/PUB
082 ## - DEWEY DECIMAL CLASSIFICATION NUMBER
Classification number 230.31
245 ## - TITLE STATEMENT
Title Goddess Durga :
Statement of responsibility, etc edited by Pratpaditya Pal
Remainder of title the power and the glory /
260 ## - PUBLICATION, DISTRIBUTION, ETC. (IMPRINT)
Place of publication, distribution, etc Mumbai
Name of publisher, distributor, etc Marg Publications,
Date of publication, distribution, etc 2009
270 ## - ADDRESS
Address NCPA Marg, Nariman Point,
City Mumbai
Postal code 400021
300 ## - PHYSICAL DESCRIPTION
Extent 200p.:
Dimensions 31cm (Hb)
Other physical details ill
500 ## - GENERAL NOTE
General note Inludes index
650 ## - SUBJECT ADDED ENTRY--TOPICAL TERM
Topical term or geographic name as entry element Indus civilagation
650 ## - SUBJECT ADDED ENTRY--TOPICAL TERM
Topical term or geographic name as entry element Indus Script
700 ## - ADDED ENTRY--PERSONAL NAME
Personal name Pal, Pratpaditya
9 (RLIN) 8267
942 ## - ADDED ENTRY ELEMENTS (KOHA)
Source of classification or shelving scheme Dewey Decimal Classification
Item type English Books
Classification part 230.31
Call number suffix God
Holdings
Withdrawn status Lost status Not for loan Collection code Home library Current library Date acquired Source of acquisition Cost, normal purchase price Full call number Barcode Copy number Cost, replacement price Koha item type
    Not For Loan Non-fiction D.B.Act.Division D.B.Act.Division 07/08/2010 DBAD/PUB 2500.00 230.31GOD EN-82274 1 2500.00 English Books

© Delhi Public Library
Hit Counter
free hit counter